| Tag |
First Indicator |
Second Indicator |
Subfields |
| LEADER |
00000cam a2200000 4500 |
| 001 |
in00000024489 |
| 005 |
20151007062400.0 |
| 008 |
720420s1962 nyu 00010aeng u |
| 010 |
|
|
|a 62015214
|
| 035 |
|
|
|a (OCoLC)00289991
|
| 035 |
|
|
|9 AAD4726AM
|
| 040 |
|
|
|c WSU
|d TXA
|d UtOrBLW
|
| 049 |
|
|
|a TXAM
|c [368877]
|
| 050 |
|
0 |
|a PS3537.T313
|b A4
|
| 092 |
|
|
|a 818
|b S817w
|
| 100 |
1 |
|
|a Steffens, Lincoln,
|d 1866-1936.
|
| 245 |
1 |
4 |
|a The world of Lincoln Steffens /
|c Edited by Ella Winter and Herbert Shapiro. Introd. by Barrows Dunham.
|
| 264 |
|
1 |
|a New York :
|b Hill and Wang,
|c [1962]
|
| 300 |
|
|
|a 274 pages ;
|c 21 cm.
|
| 336 |
|
|
|a text
|b txt
|2 rdacontent
|
| 337 |
|
|
|a unmediated
|b n
|2 rdamedia
|
| 338 |
|
|
|a volume
|b nc
|2 rdacarrier
|
| 490 |
1 |
|
|a American century series ;
|v AC53
|
| 650 |
|
0 |
|a Journalists
|v Biography.
|
| 830 |
|
0 |
|a American century series ;
|v AC53.
|
| 999 |
|
|
|a MARS
|
| 999 |
f |
f |
|s ea29e219-ce16-3da8-ade2-fbd0b26fa6c7
|i 5a79cbee-9483-3a9f-a016-ffbfb32f5316
|t 0
|
| 952 |
f |
f |
|p normal
|a Texas A&M University
|b College Station
|c Sterling C. Evans Library
|d Evans: Library Stacks
|t 0
|e PS3537.T313 A4
|h Library of Congress classification
|i unmediated -- volume
|m A14801265448
|
| 998 |
f |
f |
|a PS3537.T313 A4
|t 0
|l Evans: Library Stacks
|